| 000 | 01072cam a22003137a 4500 | ||
|---|---|---|---|
| 003 | CHAP | ||
| 005 | 20220329135403.0 | ||
| 008 | 971013s1973 r 00010 d | ||
| 010 | _a35471 | ||
| 011 | _a36443 | ||
| 035 | _a40562 | ||
| 040 | _cCHAP | ||
| 082 |
_a641.1016 _bF36 1945-72 |
||
| 110 |
_aFAO. Dirección de la Biblioteca y Sistemas de Documentación _939519 |
||
| 245 | 0 |
_aAlimentación y nutrición _b: bibliografía anotada publicaciones y documentos de la FAO (1945-1972) |
|
| 260 |
_aRoma : _bFAO, _c1973 |
||
| 300 | _apag. varía | ||
| 490 | 0 |
_aDC/Sp. _v; 26 |
|
| 590 |
_aBATCH-UPD _b10 _c20130110 _lUCH01 _h1409 |
||
| 590 |
_aBATCH-UPD _b10 _c20130410 _lUCH01 _h0856 |
||
| 590 |
_aBATCH-UPD _b10 _c20130914 _lUCH01 _h1625 |
||
| 590 |
_aCONVERSION _b10 _c20130109 _lUCH01 _h1320 |
||
| 650 | 1 | 4 |
_aNutrición _xBibliografía. _982249 |
| 830 | 0 |
_aDC/Sp. _v; 26 _931362 |
|
| 901 | _aBK | ||
| 942 | _cLIBRO | ||
| 949 |
_a641.1016 F36 1945-72 _bBC _cFAO _d-92730 _eFAO1 _h29877 _i40562 _si |
||
| 949 |
_a641.1016 F36 1945-72 _bBC _cFAO _d-92731 _eFAO2 _fc.2 _h37806 _i40562 _si |
||
| 999 |
_c35471 _d35471 |
||